Statistics for SNL Guest Hosts - Season 40

Click here to take the quiz!

General Stats

  • This quiz has been taken 25 times
  • The average score is 10 of 21

Answer Stats

Premiere DateFamous ForMusical GuestGuest Host% Correct
September 27, 2014Parks and Recreation, The LEGO Movie, Guardians of the GalaxyAriana GrandeChris Pratt
92%
November 22, 2014The Mask, The Other Woman, Shrek 2Mark Ronson and Bruno MarsCameron Diaz
83%
October 25, 2014The Mask, How the Grinch Stole Christmas, Ace VenturaIggy AzaleaJim Carrey
83%
November 1, 2014Madagascar, former SNL cast memberPrinceChris Rock
75%
December 6, 2014The Interview, Oz the Great and Powerful, Sausage PartyNicki MinajJames Franco
75%
October 11, 2014Inside Out, Trainwreck, Sausage PartyHozierBill Hader
67%
March 28, 2015The Tooth Fairy, Baywatch, Central IntelligenceGeorge EzraDwayne Johnson
58%
January 17, 2015The Secret Life of Pets, Get Hard, Central IntelligenceSiaKevin Hart
58%
May 16, 2015The Secret Life of Pets, LouisRihannaLouis C.K.
58%
October 4, 2014Wreck-It Ralph, School of Rock, A Million Ways to Die in the WestMaroon 5Sarah Silverman
50%
November 15, 2014War for the Planet of the Apes, Now You See Me, The Hunger GamesKendrick LamarWoody Harrelson
50%
December 20, 2014Man of Steel, Enchanted, American HustleOne DirectionAmy Adams
42%
April 4, 2015Spider-Man: Homecoming, Birdman, BatmanCarly Rae JepsenMichael Keaton
42%
May 9, 2015Wild, Hot Pursuit, Legally BlondeFlorence + the MachineReese Witherspoon
42%
March 7, 2015Thor, In the Heart of the Sea, GhostbustersZac Brown BandChris Hemsworth
33%
February 28, 2015Fifty Shades of Grey, 21 Jump Street, How to Be SingleAlabama ShakesDakota Johnson
33%
May 2, 2015The Jungle Book, Rough Night, LucyWiz KhalifaScarlett Johansson
33%
December 13, 2014The Hobbit: An Unexpected Journey, Captain America: Civil War, SherlockCharlie XCXMartin Freeman
25%
April 11, 2015Empire, Person of Interest, Hidden FiguresMumford & SonsTaraji P. Henson
25%
January 24, 2015"Way with Words", "Neon Light", "Came Here to Forget"HimselfBlake Shelton
8%
January 31, 2015Batman v Superman: Dawn of Justice, Kung Fu Panda 3, ZootopiaD'AngeloJ.K. Simmons
8%

Score Distribution

Percentile by Number Answered

Percent of People with Each Score

Your Score History

You have not taken this quiz